000 00285nam a22001337a 4500
008 170419b xxu||||| |||| 00| 0 eng d
020 _a9780871508263
041 _aeng
080 _23RD
_a573
100 _a11
101 _aSHM
245 _aEVOLUTION
_cDODSON, E.O
942 _2udc
_cBK
999 _c11189
_d11189